00648cam a2200193 450000500170000000800410001702000150005805000290007310000290010224500820013125000110021326000550022430000200027944000260029950000150032550400280034065000300036865000560039820180912133245.0 t1998 mx a spa  a9687469358 4aF1233.5.C234 bS194 19981 aSánchez Reyna, Ramón 0aMelchor Ocampo : bel hombre y la institución. /cRamón Sánchez Reyna,  a1a ed. aMorelia, Michoacán México :bU.M.S.N.H.,c1998 a79 p. ;c19 cm. 0a(Perfiles ;v No. 5.) a1 ejemplar aBibliografia : p. 75-79 4aMelchor Ocampo xHistoria 4aUniversidad Michoacana de San Nicolás de Hidalgo